000 00387nam a22001697a 4500
003 UA-OsUOA
001 2881
007 ta
008 20050721b un ||||| |||| 00| 0 ukr d
100 _aGiff
700 _aPatricia R.
942 _cBK
040 _aUA-OsUOA
_cUA-OsUOA
_dUA-OsUOA
245 _aEmily Arrow promises to do better this year.
_bChildren Lit.
955 _a2
650 7 _2UDC
999 _c289043
_d289043